Statistics for Small US State Capitals - Out of Top 5 in State

Click here to take the quiz!

General Stats

  • This quiz has been taken 590 times
    (130 since last reset)
  • The average score is 12 of 16

Answer Stats

HintPopulationAnswer% Correct
#6 in State508,529Sacramento
89%
#23 in State52,555Olympia
88%
#8 in State196,169Tallahassee
83%
#10 in State18,681Augusta
81%
#6 in State97,279Albany
80%
#10 in State55,414Carson City
76%
#6 in State118,427Lansing
76%
#8 in State13,980Pierre
76%
#6 in State7,436Montpelier
73%
#6 in State114,694Springfield
73%
#15 in State27,679Frankfort
72%
#15 in State42,838Jefferson City
72%
#24 in State39,174Annapolis
69%
#14 in State49,229Harrisburg
67%
#6 in State32,315Helena
64%
#10 in State83,974Trenton
56%

Score Distribution

Percentile by Number Answered

Percent of People with Each Score

Your Score History

You have not taken this quiz since the last reset